000 00517nam a2200169 a 4500
005 20140412111315.0
008 001111s19uu xx 00 eng d
020 _a0-307-10172-X
050 _aER
_bLi72 1988
100 _aCalmenson, Stephanie
245 _aLittle duck and the new baby /
_cby Stephanie Calmenson; illustrated by Kathy Cruickshand.
260 _aNew York :
_bA Golden Book,
_c1988.
300 _a[23] p. ; ill.
650 _aDuckling -- Stories
650 _aDucklind -- Fiction
999 _c104195
_d104195